000 00429pab a2200157 454500
008 180718b2010 xxu||||| |||| 00| 0 eng d
100 _aSingh, Ram
245 _aDelays and cost overruns in infrastructure projects: extent, causes and remedies
260 _c2010
300 _ap.43-54.
362 _a22 May
650 _aInfrastructure development
773 _aEconomic and Political Weekly
908 _aN
909 _a86841
999 _c86841
_d86841